000 00490nam a22001817a 4500
003 KOHA_MİRAKIL
005 20260507134924.0
008 260507b tu ||||| |||| 00| 0 tur d
020 _a9786055564032
040 _aTR-AnABB
_btur
_cTR-AnABB
041 _atur
082 _bBAK 2011
100 1 _aBakiler, Yavuz Bülent
245 1 0 _aAşık Veysel /
_cYavuz Bülent Bakiler
260 _aSivas :
_bburuciye yayınları,
_c2011
300 _a236 sayfa ;
_c20 cm
942 _2ddc
_cBK
999 _c10384
_d10384
900 _bCem ÖZOGLU